000 00841nam a2200265Ia 4500
003 OSt
005 20220930184959.0
006 a|||||r|||| 00| 0
007 ta
008 220926b |||||||| |||| 00| 0 eng d
020 _a9781412905312 (hbk)
_c5257.19
024 _a491
037 _b310, 22/02/2008, Bhartiya Sahitya Bhawan
_cTextbook
040 _aCRL
_cCRL
_beng
041 _2eng
_aeng
082 _aSigma:f:(N)g, P8(RR)
100 _aKnowles Gary J.
_9557539
245 0 _aHandbook of the arts in qualitative research
260 _aLoa
_bAngeles Sage USA
_c2008
300 _axix,700p.
_ccm.
650 _aSOCIAL SCIENCE
700 _a Cole Ardra
_9557540
942 _hSigma:f:(N)g, P8(RR)
_cTB
_2CC
999 _c889390
_d889390